Statistics for 20 most expensive manchester united transfers

Click here to take the quiz!

General Stats

  • This quiz has been taken 25 times
  • The average score is 13 of 20

Answer Stats

HintAnswer% Correct
101.2 mPaul Pogba
100%
91 mHarry Maguire
96%
92.5 mAntony
91%
68.2 mCasemiro
87%
82.6 mJadon Sancho
87%
38.9 mRaphael Varane
78%
41 mAntony Martial
74%
53.5 mBruno Fernandes
65%
53.5 mFred
65%
67.9 mDi Maria
61%
34.1 mRio Ferdinand
61%
85.3 mRomelu Lukaku
61%
35.3 mVictor Lindelof
57%
56.9 mAaron Wan Bissaka
52%
42 mJuan Mata
52%
52.3 mLisandro Martinez
52%
39.8 mDonny Van De Beek
43%
34.1 mEric Bailly
43%
35.3 mMemphis Depay
30%
35 mDimitar Berbatov
26%

Score Distribution

Percentile by Number Answered

Percent of People with Each Score

Your Score History

You have not taken this quiz